000 00265nam a2200109Ia 4500
008 190914s9999||||xx |||||||||||||| ||und||
100 _aSarwat Sultana Sarwat
245 0 _aAap Bataain : M.C.Q's
260 _aKarachi
_bPrince Book
_c2005
300 _a173
942 _cBK
999 _c9777
_d9777